Polskie kluby piłkarskie od A do Z. - Statystyki

Ogólne statystyki
  • Ten quiz został rozwiązany 677 razy
  • Średni wynik to 15 z 24
Statystyki odpowiedzi
Nazwa klubu Miasto % Poprawnych
A Arka Gdynia
99%
M Motor Lublin
83%
Z Znicz Pruszków
83%
E Elana Toruń
82%
O Odra Opole
82%
P Puszcza Niepołomice
82%
C Chrobry Głogów
78%
R Resovia Rzeszów
75%
U Unia Tarnów
72%
W Wigry Suwałki
72%
S Siarka Tarnobrzeg
68%
G Garbarnia Kraków
65%
F Flota Świnoujście
61%
Ś Świt Nowy Dwór Mazowiecki
61%
Ł ŁKS Łomża
60%
H Hetman Zamość
53%
D Dyskobolia Grodzisk Wielkopolski
49%
T Tur Turek
49%
K Karpaty Krosno
47%
L Lechia Dzierżoniów
41%
J Jeziorak Iława
31%
I Igloopol Dębica
29%
B Boruta Zgierz
22%
N Naprzód Rydułtowy
17%
Nie znaleziono quizów pasujących do podanych kryteriów
Rozkład punktacji
Procent ludzi z każdym wynikiem
Percentyl według liczby udzielonych odpowiedzi
Twoja historia wyników
Nie rozwiązałeś tego quizu